Медицинский отчет по Лихачевскому родильному отделению Казанской губернской земской больницы... (Запись № 2826361)

Подробности
000 -МАРКЕР
контрольное поле 02203nam1a22003851 4500
001 - ИДЕНТИФИКАТОР ЗАПИСИ
контрольное поле v19\rc\1468160
005 - ИДЕНТИФИКАТОР ВЕРСИИ
контрольное поле 20251115134900.2
035 ## - ДРУГИЕ СИСТЕМНЫЕ НОМЕРА
Идентификатор записи (NLR Aleph) 004604200
100 ## - ДАННЫЕ ОБЩЕЙ ОБРАБОТКИ
Данные общей обработки 20060620g18761916|||y0rusy50 ca
101 0# - ЯЗЫК РЕСУРСА
Язык текста, звукозаписи и т.д. русский
102 ## - СТРАНА ПУБЛИКАЦИИ ИЛИ ПРОИЗВОДСТВА
Страна публикации Российская Федерация
105 ## - ПОЛЕ КОДИРОВАННЫХ ДАННЫХ: ТЕКСТОВЫЕ МАТЕРИАЛЫ, МОНОГРАФИЧЕСКИЕ
Кодированные данные о монографическом текстовом документе z |||||
200 1# - ЗАГЛАВИЕ И СВЕДЕНИЯ ОБ ОТВЕТСТВЕННОСТИ
Основное заглавие Медицинский отчет по Лихачевскому родильному отделению Казанской губернской земской больницы...
210 ## - ПУБЛИКАЦИЯ, РАСПРОСТРАНЕНИЕ И ДР.
Место издания, распространения и т.д. Казань
Дата издания, распространения и т.д. 1876-1916
215 ## - ФИЗИЧЕСКАЯ ХАРАКТЕРИСТИКА
Размеры 24
300 ## - ОБЩИЕ ПРИМЕЧАНИЯ
Текст примечания Сост. отчетов: за 1875/76-77 гг.: д-р мед. А.Н. Соловьев; за 1889-1907 гг.: д-р мед. И.М. Львов; за 1906-11 гг.: врач Б.Н. Агафонов; за 1913-15 гг.: М.С. Малиновский
300 ## - ОБЩИЕ ПРИМЕЧАНИЯ
Текст примечания Загл. отчетов: за 1875/76-77 гг.: Медицинский отчет Лихачевского родильного отделения Казанской губернской земской больницы; за 1897-98, 1901-1902 гг.: Отчет...
300 ## - ОБЩИЕ ПРИМЕЧАНИЯ
Текст примечания Надзаг. отчетов за 1897-98, 1901-1902 гг.: Лихач. родил. отд-ние Казан. губ. зем. больницы
702 #1 - ИМЯ ЛИЦА - ВТОРИЧНАЯ ОТВЕТСТВЕННОСТЬ
Начальный элемент ввода Соловьев
Часть имени, кроме начального элемента ввода А. Н.
Даты 1853-
Расширение инициалов личного имени Александр Николаевич
Код отношения Составитель
702 #1 - ИМЯ ЛИЦА - ВТОРИЧНАЯ ОТВЕТСТВЕННОСТЬ
Начальный элемент ввода Львов
Часть имени, кроме начального элемента ввода И. М.
Расширение инициалов личного имени Иван Моисеевич
Код отношения Составитель
702 #1 - ИМЯ ЛИЦА - ВТОРИЧНАЯ ОТВЕТСТВЕННОСТЬ
Начальный элемент ввода Агафонов
Часть имени, кроме начального элемента ввода Б. Н.
Даты 1873-
Расширение инициалов личного имени Борис Николаевич
Код отношения Составитель
702 #1 - ИМЯ ЛИЦА - ВТОРИЧНАЯ ОТВЕТСТВЕННОСТЬ
Начальный элемент ввода Малиновский
Часть имени, кроме начального элемента ввода М. С.
Даты 1880-
Расширение инициалов личного имени Михаил Сергеевич
Код отношения Составитель
710 02 - НАИМЕНОВАНИЕ ОРГАНИЗАЦИИ - ПЕРВИЧНАЯ ОТВЕТСТВЕННОСТЬ
Начальный элемент ввода Казанская губернская земская больница
Структурное подразделение Лихачевское родильное отделение
Системный номер авторитетной/нормативной записи 413333
Идентификатор авторитетной/нормативной записи RU\NLR\AUTH\889958580
801 #0 - ИСТОЧНИК ЗАПИСИ
Страна Российская Федерация
Организация NLR
Правила каталогизации psbo
801 #0 - ИСТОЧНИК ЗАПИСИ
Страна Российская Федерация
Организация RuMoRGB
Источник данных psbo
801 #1 - ИСТОЧНИК ЗАПИСИ
Страна Российская Федерация
Организация ProSoft-M
Источник данных rusmarc
852 ## - МЕСТОНАХОЖДЕНИЕ И ШИФР ХРАНЕНИЯ
Идентификатор организации NLR
Наименование фонда или коллекции (Sub-Location Identifier) Зем
Шифр хранения (Call Number) 13/О10
852 ## - МЕСТОНАХОЖДЕНИЕ И ШИФР ХРАНЕНИЯ
Идентификатор организации NLR
Шифр хранения (Call Number) +Шифры разные
Публикуемое примечание (1875-1914 и прил. к 1877)
899 ## - ДАННЫЕ О МЕСТОНАХОЖДЕНИИ (устаревшее)
Местонахождение RuMoRGB
Шифр хранения U 20/212
Публикуемое примечание (1875-1915*)
899 ## - ДАННЫЕ О МЕСТОНАХОЖДЕНИИ (устаревшее)
Местонахождение RuMoRGB
Шифр хранения B 23/307
Публикуемое примечание (1875-1915*)
899 ## - ДАННЫЕ О МЕСТОНАХОЖДЕНИИ (устаревшее)
Местонахождение RuMoRGB
Шифр хранения U 272/306
Публикуемое примечание (1875-1915*)
899 ## - ДАННЫЕ О МЕСТОНАХОЖДЕНИИ (устаревшее)
Местонахождение БАН
Публикуемое примечание (1875-1914)
942 ## - ДОПОЛНИТЕЛЬНЫЕ ЭЛЕМЕНТЫ ЗАПИСИ (АБИС)
Тип экземпляра АБИС Книга
980 ## - КОЛЛЕКЦИЯ
Название коллекции Национальная библиография

Нет доступных экземпляров.